00662nam a2200181 a 4500003000200000005001700002008004100019050003100060100003500091245007400126260009000200300004000290504004100330650001700371650003400388650003000422650002800452020250220113831.0110617s19uu xx 00 eng d aPHS BF 698.9.S45b.Z9 2011 aZulueta, Jose Angelo Bautista. aSelf management and personality type /cJose Angelo Bautista Zulueta. aLas Piñas City, Philippines :bSouthville International School and Colleges,c2011. a35 pages :billustrations ;c28 cm. aIncludes bibliographical references. aPersonality. aSelf-management (Psychology). aPersonality and behavior. aIndividual differences.